000 03589nam a2200373 i 4500
001 000020547
003 DO-SdBNP
005 20260518210609.0
008 100810s2016 dr abc r 001 0 spa d
020 _a9789945870527
040 _aDO-SdBNP
_bspa
_cBNPHU
_dDO-SdBNP
041 1 7 _aspa
_heng
082 _a338.4971
_bG216a
_223
100 1 _aGarcía Salazar, Gregorio,
_d1959-
_925127
_4aut.
_eautor
245 1 0 _aAgroecoturismo en la República Dominicana = Agro-ecoturism in the Dominican Republic /
_cGregorio García Salazar ; traducción, Yvette Méndez P. ; fotografías: Yuly Mármol C., Greymi García Garabito.
264 _aSanto Domingo, Rep. Dominicana :
_bTalleres Gráficos 16,
_c2016
300 _a390 p. :
_bilustraciones, mapas, retratos. ;
_c23 cm
336 _atexto
_btxt
_2rdamedia
337 _asin mediación
_bn
_2rdamedia
338 _avolumen
_bnc
_2rdacarrier
500 _aLa biblioteca posee 3 ejemplares autografiados por el autor.
500 _aedición en español-inglés
500 _aAgro-ecotourism in the Dominican Republic
504 _aBibliografía : p. 386-390
505 0 _aIntroducción -- Historia y ubicación de la República Dominicana -- Síntesis histórica de la isla Hispaniola -- Geografía y clima de la República Dominicana -- Idioma, moneda y economía -- Aeropuertos, puertos y transporte terrestres -- Comunicaciones -- Gastronomia -- Reseña histórica del turismo y el agroecoturismo, -- Origen y expansión del turismo -- Surgimiento y expansión del agroecoturismo -- Conceptos de turismo y agroecoturismo -- Contaminación ambiental, deforestación y cambio climático al agroecoturismo -- Contaminación ambiental Deforestación -- Cambio climático -- Agroecosistemas con potencial agroecoturistico, Agroecosistemas -- Cacao. Salud y biodiversidad -- Café. Grano aromático -- Cocotero. Árbol de la vida -- Arroz. Fuente de carbohidratos -- Caña de azúcar. Energizante natural -- Plátano y guineo. Paraíso -- Yuca. Alimento milenario -- Ñame. Nutriente delicioso -- Papa. Manjar extraordinario -- Maíz. Cereal vivificante -- Jengibre y sus propiedades -- Aguacate. Carne vegetal -- Zapote. Rejuvenecedor -- Cítricos. Potentes antioxidantes -- Carambola. Prolífera y llamativa -- El Cajuil. Afrodisíaco -- Jagua. Fruta refrescante -- Sábila. Regeneradora celular -- Árbol del pan. Harina alternativa -- Guanábana. Salvadora de vidas -- Gandul. Leguminosa proteica -- Moringa. Planta milagrosa -- Mango. Exquisitez -- Agroecoturismo y ganadería, -- Impacto del agroecoturismo en haciendas ganaderas -- Agroecoturismo de montaña -- Riquezas naturales en áreas montañosas -- Desarrollo del agroecoturismo de montaña en la República Dominicana -- Pico Duarte -- Rol de los ecosistemas en el agroecoturismo, -- Manglar. Mundo viviente -- Parques nacionales y sus encantos -- El impresionante lago Enriquillo -- Balnearios y cascadas -- Lagunas. Tesoros naturales -- Empresas agroecoturisticas en la República Dominicana, Kah Kow Experience - El Sendero, Rizek Cacao -- El tour del chocolate, bloque Cacaotero No. 3 inc. Consideraciones -- Glosario.
590 _aInventariado, 2020 /LP
650 7 _2armarc
_aTurismo ecológico
_zRepública Dominicana
_96951
650 7 _2armarc
_aAgroturismo
_zRepública Dominicana
_989654
650 7 _2armarc
_aTurismo sostenible
_zRepública Dominicana
_989655
700 1 _aYvette Méndez P.
_etraductor
_943268
_4trad.
700 1 _aMármol C., Yuly,
_efotógrafo
_943269
_4fot.
700 1 _aGarcía Garabito, Greymi,
_efotógrafo
_925131
_4fot.
942 _2ddc
_cLBS1
999 _c20051
_d20051